Plain speaking (Record no. 69161)
[ view plain ]
| 000 -LEADER | |
|---|---|
| fixed length control field | 01282cam a2200253 4500 |
| 001 - CONTROL NUMBER | |
| control field | ABS64898 |
| 008 - FIXED-LENGTH DATA ELEMENTS--GENERAL INFORMATION | |
| fixed length control field | 020103n2001 000 0 eng u |
| 035 ## - SYSTEM CONTROL NUMBER | |
| System control number | (Sirsi) u116105 |
| 100 ## - MAIN ENTRY--PERSONAL NAME | |
| Personal name | Reeves, C. |
| 245 ## - TITLE STATEMENT | |
| Title | Plain speaking |
| 260 ## - PUBLICATION, DISTRIBUTION, ETC. | |
| Date of publication, distribution, etc. | 2001 |
| 490 ## - SERIES STATEMENT | |
| Series statement | Estates Gazette |
| Volume/sequential designation | (0149) 8 December 2001, 113-114(2) |
| 520 ## - SUMMARY, ETC. | |
| Summary, etc. | Discusses PPG25, Development and flood risk. This is a result of the serious flooding in autumn 2000 and the need for action to prevent such occurrences in the future. Argues the PPG25 is useful in order to reduce flood plain development but problems could arise over the consultation process. For example, PPG25 evades the principle of a flood plain's functional nature being an integral part any river system. The use of indicative maps such as the Environment Ageny's maps is problematic as a thorough site analysis is often needed to determine the true risk of flooding. Also more resources are needed for the planning process. |
| 590 ## - LOCAL NOTE (RLIN) | |
| Local note | ABS |
| 650 ## - SUBJECT ADDED ENTRY--TOPICAL TERM | |
| Topical term or geographic name entry element | PPG25 |
| 650 ## - SUBJECT ADDED ENTRY--TOPICAL TERM | |
| Topical term or geographic name entry element | FLOOD RISK |
| 650 ## - SUBJECT ADDED ENTRY--TOPICAL TERM | |
| Topical term or geographic name entry element | FLOOD PLAINS |
| 650 ## - SUBJECT ADDED ENTRY--TOPICAL TERM | |
| Topical term or geographic name entry element | CLIMATE CHANGE |
| 650 ## - SUBJECT ADDED ENTRY--TOPICAL TERM | |
| Topical term or geographic name entry element | RIVER MANAGEMENT |
| 650 ## - SUBJECT ADDED ENTRY--TOPICAL TERM | |
| Topical term or geographic name entry element | ENVIRONMENT AGENCY |
| 650 ## - SUBJECT ADDED ENTRY--TOPICAL TERM | |
| Topical term or geographic name entry element | PLANNING PROCEDURE |
| 690 ## - LOCAL SUBJECT ADDED ENTRY--TOPICAL TERM (OCLC, RLIN) | |
| Topical term or geographic name as entry element | ENVIRONMENTAL AND LAND CONSULTANCY-ENVIRONMENTAL MANAGEMENT |
| 942 ## - ADDED ENTRY ELEMENTS (KOHA) | |
| Suppress in OPAC | 0 |
| Withdrawn status | Lost status | Source of classification or shelving scheme | Damaged status | Not for loan | Home library | Current library | Shelving location | Date acquired | Total Checkouts | Full call number | Barcode | Date last seen | Copy number | Price effective from | Koha item type |
|---|---|---|---|---|---|---|---|---|---|---|---|---|---|---|---|
| Dewey Decimal Classification | London | London | Journal article | 03/01/2002 | ABS64898 | 116105-1001 | 06/08/2019 | 1 | 06/08/2019 | Journal article |